[Event "New Delhi Parsvnath op-C 16th"]
[Site "New Delhi"]
[Date "2018.01.14"]
[Round "5"]
[White "Ghouse Kamardeen, D."]
[Black "Tuhin, Kashyap"]
[Result "0-1"]
[WhiteElo "1483"]
[BlackElo "1573"]
[PlyCount "124"]
[EventDate "2018.01.09"]
[EventType "swiss"]
[EventRounds "10"]
[EventCountry "IND"]
[SourceTitle "CBM 182 Extra"]
[Source "ChessBase"]
[SourceDate "2018.02.23"]
[SourceVersion "1"]
[SourceVersionDate "2018.02.23"]
[SourceQuality "1"]

1. e4 e6 2. d4 d5 3. Nc3 Bb4 4. e5 Ne7 5. a3 Bxc3+ 6. bxc3 c5 7. Qg4 Ng6 8. Nf3 Nc6 9. Bb5 cxd4 10. Bxc6+ bxc6 11. cxd4 Ba6 12. Bd2 Qb6 13. Bb4 Qb5 14. Nd2 h5 15. Qd1 Nf4 16. c4 dxc4 17. 0-0 c3 18. Ne4 Qxf1+ 19. Qxf1 Bxf1 20. Kxf1 Nd5 21. Bc5 Kd7 22. Rc1 Rhb8 23. Nxc3 Nxc3 24. Rxc3 Rb2 25. Rf3 Ke8 26. Rh3 Rb1+ 27. Ke2 g6 28. Rc3 Rab8 29. Bxa7 R8b2+ 30. Kf3 Rb3 31. Re3 Rxe3+ 32. fxe3 Rb3 33. Bc5 Kd7 34. h4 Rb2 35. Bd6 Kc8 36. Bb4 Kb7 37. Bc3 Ra2 38. Bb4 Kb6 39. Be7 Kb5 40. g4 Kc4 41. gxh5 gxh5 42. Ke4 Rf2 43. Bg5 Ra2 44. Be7 Rg2 45. Kf3 Rg1 46. Bc5 Kd3 47. Kf2 Rh1 48. Be7 Ke4 49. Bg5 Ra1 50. Ke2 Rxa3 51. Kd2 c5 52. dxc5 Kxe5 53. Ke2 f6 54. Bh6 Rc3 55. Kf3 Rxc5 56. Bf4+ Kf5 57. e4+ Kg6 58. Be3 Rc3 59. Kf4 e5+ 60. Kf3 f5 61. exf5+ Kxf5 62. Ke2 Rxe3+ 0-1